[Event "Copenhagen Chess Challenge 2007"]
[Site "Ballerup"]
[Date "2007.??.??"]
[Round "4"]
[White "Smith, Axel"]
[Black "Semcesen, Daniel"]
[Result "1/2-1/2"]
[WhiteElo "2251"]
[BlackElo "2306"]
[PlyCount "236"]
[EventDate "2007.??.??"]
[EventType "swiss"]
[EventRounds "9"]
[EventCountry "DEN"]

1. e4 e5 2. Nf3 Nc6 3. Bb5 a6 4. Ba4 Nf6 5. O-O Nxe4 6. d4 b5 7. Bb3 d5 8. dxe5
Be6 9. Nbd2 Nc5 10. c3 d4 11. Bxe6 Nxe6 12. cxd4 Ncxd4 13. a4 Bb4 14. axb5 Nxb5
15. Qb3 a5 16. Qc4 Nbd4 17. Nxd4 Qxd4 18. Qc6+ Ke7 19. Nf3 Qd7 20. Qc2 Rad8 21.
Bg5+ Nxg5 22. Nxg5 h6 23. e6 fxe6 24. Qg6 Rdf8 25. Rad1 Bd6 26. Nxe6 Qxe6 27.
Rde1 Be5 28. Qxe6+ Kxe6 29. f4 Rb8 30. Rxe5+ Kf7 31. Rc1 Rhc8 32. Rc2 c5 33.
Rexc5 Rxc5 34. Rxc5 a4 35. Rc4 Rxb2 36. Rxa4 h5 37. Re4 Kf6 38. g3 Rc2 39. Re5
g6 40. h3 Ra2 41. Kf1 Rb2 42. Re2 Rb3 43. Kg2 Ra3 44. g4 hxg4 45. hxg4 Rb3 46.
Kf2 Ra3 47. Re3 Ra7 48. Rb3 Kf7 49. Kg3 Ra5 50. Rb7+ Kf8 51. Kh4 Rc5 52. Ra7
Rb5 53. Ra1 Kf7 54. Re1 Kf6 55. Re5 Rb1 56. Ra5 Rh1+ 57. Kg3 Rg1+ 58. Kh3 Rh1+
59. Kg2 Rb1 60. Ra6+ Kf7 61. Rc6 Ra1 62. Rc5 Kf6 63. Rb5 Rc1 64. Rb6+ Kf7 65.
Kg3 Rh1 66. Rb7+ Kf8 67. Ra7 Kg8 68. Kf3 Re1 69. Ra2 Kf7 70. Kg3 Rh1 71. Rh2
Ra1 72. Kh4 Ra5 73. Rb2 Rc5 74. Rb7+ Kf8 75. Rh7 Ra5 76. Rh8+ Kg7 77. Re8 Kf6
78. Re5 Ra1 79. Rb5 Rh1+ 80. Kg3 Kf7 81. Rb7+ Kf8 82. Rb4 Kf7 83. Kf3 Re1 84.
Re4 Rf1+ 85. Ke3 Rg1 86. g5 Rd1 87. Rd4 Re1+ 88. Kd3 Re7 89. Rd6 Ra7 90. Ke4
Re7+ 91. Kd5 Re1 92. Rd7+ Kf8 93. Ra7 Re2 94. Ra4 Kf7 95. Re4 Ra2 96. Ke5 Ra5+
97. Kd4 Ra4+ 98. Ke3 Ra3+ 99. Kf2 Rb3 100. Re3 Rb7 101. Kf3 Ra7 102. Re4 Ra3+
103. Kg4 Ra1 104. Re3 Rg1+ 105. Rg3 Ra1 106. Rb3 Re1 107. Rb7+ Kf8 108. Rb6 Kf7
109. Rf6+ Kg7 110. f5 Rg1+ 111. Kf4 Rf1+ 112. Ke4 Re1+ 113. Kd3 gxf5 114. Rxf5
Kg6 115. Ra5 Rg1 116. Ra8 Rxg5 117. Rg8+ Kf5 118. Rxg5+ Kxg5 1/2-1/2

[Event "Copenhagen Chess Challenge 2007"]
[Site "Ballerup"]
[Date "2007.??.??"]
[Round "5"]
[White "Bekker Jensen, Simon"]
[Black "Rasmussen, Allan Stig"]
[Result "1/2-1/2"]
[WhiteElo "2371"]
[BlackElo "2418"]
[PlyCount "22"]
[EventDate "2007.??.??"]
[EventType "swiss"]
[EventRounds "9"]
[EventCountry "DEN"]

1. d4 d5 2. c4 dxc4 3. Nf3 Nf6 4. e3 e6 5. Bxc4 c5 6. O-O a6 7. a4 Nc6 8. Qe2
cxd4 9. Rd1 Be7 10. exd4 O-O 11. Nc3 Nb4 1/2-1/2

[Event "Copenhagen Chess Challenge 2007"]
[Site "Ballerup"]
[Date "2007.??.??"]
[Round "5"]
[White "Grandelius, Nils"]
[Black "Ivanov, Mikhail"]
[Result "1-0"]
[WhiteElo "2192"]
[BlackElo "2450"]
[PlyCount "69"]
[EventDate "2007.??.??"]
[EventType "swiss"]
[EventRounds "9"]
[EventCountry "DEN"]

1. e4 e5 2. Nf3 Nc6 3. Bb5 a6 4. Ba4 Nf6 5. O-O b5 6. Bb3 Bc5 7. a4 Bb7 8. d3
b4 9. a5 O-O 10. Bg5 h6 11. Bh4 g5 12. Bg3 d6 13. Nbd2 Bc8 14. Bc4 Bg4 15. Qb1
Nh5 16. Kh1 Ra7 17. h3 Bc8 18. Nb3 Be3 19. Bh2 Bf4 20. g3 Bxh3 21. gxf4 exf4
22. Rg1 Qf6 23. d4 Kh8 24. e5 dxe5 25. dxe5 Qe7 26. Qe1 g4 27. Qe4 Nd8 28. Qf5
Ng7 29. Qxf4 Nde6 30. Qxh6+ Kg8 31. Bd3 f5 32. exf6 Rxf6 33. Qh7+ Kf7 34. Ne5+
Ke8 35. Bg6+ 1-0

[Event "Copenhagen Chess Challenge 2007"]
[Site "Ballerup"]
[Date "2007.??.??"]
[Round "5"]
[White "Hansen, Lars Henrik Bech"]
[Black "Hartsteen, Mark"]
[Result "1-0"]
[WhiteElo "2100"]
[BlackElo "1973"]
[PlyCount "75"]
[EventDate "2007.??.??"]
[EventType "swiss"]
[EventRounds "9"]
[EventCountry "DEN"]

1. e4 c6 2. d4 d5 3. exd5 cxd5 4. Bd3 Nf6 5. c3 Nc6 6. Bg5 e6 7. Nf3 Be7 8. O-O
O-O 9. Re1 a6 10. Ne5 Nxe5 11. dxe5 Nd7 12. Bxe7 Qxe7 13. Re3 Rd8 14. Qh5 Nf8
15. Bxh7+ Nxh7 16. Rh3 Qg5 17. Qxh7+ Kf8 18. Re3 d4 19. cxd4 Rxd4 20. Nc3 Rg4
21. Qh8+ Ke7 22. Rd1 Rxg2+ 23. Kh1 Bd7 24. Qxa8 Rxf2 25. Rxd7+ Kxd7 26. Rd3+
Kc7 27. Rd7+ Kxd7 28. Qxb7+ Ke8 29. Qc6+ Ke7 30. Qc5+ Kd7 31. Qxf2 Qc1+ 32. Qg1
Qxb2 33. Qe3 Qb7+ 34. Kg1 Qc7 35. Kf2 Qc4 36. h3 Qh4+ 37. Ke2 Qc4+ 38. Qd3+ 1-0

[Event "Copenhagen Chess Challenge 2007"]
[Site "Ballerup"]
[Date "2007.??.??"]
[Round "5"]
[White "Hansen, Martin"]
[Black "Pallesen, Jacob"]
[Result "1-0"]
[WhiteElo "2050"]
[BlackElo "2001"]
[PlyCount "107"]
[EventDate "2007.??.??"]
[EventType "swiss"]
[EventRounds "9"]
[EventCountry "DEN"]

1. e4 c5 2. c3 d5 3. exd5 Qxd5 4. d4 Nf6 5. Nf3 Bg4 6. dxc5 Qxc5 7. h3 Bxf3 8.
Qxf3 Nc6 9. Be3 Qd5 10. Be2 e5 11. Nd2 Bd6 12. Bc4 Qxf3 13. Nxf3 a6 14. Rd1 Rd8
15. O-O Bc7 16. Bc5 Ne4 17. Ba3 f6 18. Bd5 Nd6 19. Rfe1 Ne7 20. Be6 Nb5 21. Bc5
b6 22. Be3 Nd6 23. g4 Ng6 24. c4 Ke7 25. Bd5 Rb8 26. Bc1 Kd7 27. b4 Kc8 28. a4
Rd8 29. Be3 Ne7 30. Be6+ Kb7 31. c5 Ne8 32. Bd7 bxc5 33. Bxc5 Ng6 34. b5 Bb6
35. Bxb6 Kxb6 36. a5+ Kxa5 37. Ra1+ Kb6 38. Rxa6+ Kc7 39. Bc6 Nf4 40. Kf1 Rd6
41. Rc1 Kd8 42. Bxe8 Rxa6 43. bxa6 Kxe8 44. a7 Ra8 45. Rc7 Ne6 46. Rb7 Nd8 47.
Rxg7 h6 48. Nh4 Kf8 49. Rc7 Nf7 50. Nf5 Ke8 51. Rb7 Nd8 52. Ng7+ Kf8 53. Ne6+
Nxe6 54. Rb8+ 1-0

[Event "Copenhagen Chess Challenge 2007"]
[Site "Ballerup"]
[Date "2007.??.??"]
[Round "5"]
[White "Mejvik, Jacob"]
[Black "Smith, Axel"]
[Result "0-1"]
[WhiteElo "2003"]
[BlackElo "2251"]
[PlyCount "44"]
[EventDate "2007.??.??"]
[EventType "swiss"]
[EventRounds "9"]
[EventCountry "DEN"]

1. e4 e6 2. d4 d5 3. Nc3 Nf6 4. e5 Nfd7 5. f4 c5 6. Nf3 Nc6 7. Be3 a6 8. Qd2 b5
9. a3 g5 10. g3 g4 11. Ng1 cxd4 12. Bxd4 Nxd4 13. Qxd4 Bc5 14. Qd2 Qb6 15. Nge2
Be3 16. Qd3 Bf2+ 17. Kd1 Bb7 18. b4 f5 19. Nb1 d4 20. Rg1 Be4 21. Qb3 Bd5 22.
Qb2 d3 0-1

[Event "Copenhagen Chess Challenge 2007"]
[Site "Ballerup"]
[Date "2007.??.??"]
[Round "5"]
[White "Mikkelsen, Nikolaj"]
[Black "Lund, Silas"]
[Result "1/2-1/2"]
[WhiteElo "2305"]
[BlackElo "2309"]
[PlyCount "89"]
[EventDate "2007.??.??"]
[EventType "swiss"]
[EventRounds "9"]
[EventCountry "DEN"]

1. e4 e5 2. Nf3 Nc6 3. Bc4 Nf6 4. d3 Be7 5. c3 d6 6. Bb3 h6 7. Nbd2 Nh7 8. h3
Ng5 9. Nf1 O-O 10. Ng3 a5 11. Nxg5 Bxg5 12. O-O Bxc1 13. Rxc1 Qg5 14. d4 g6 15.
Kh1 Nd8 16. dxe5 dxe5 17. Ne2 Ne6 18. Bxe6 Bxe6 19. f4 exf4 20. Nxf4 Bc4 21.
Rf2 Rad8 22. Qc2 Qe5 23. b3 Be6 24. Rcf1 b5 25. Qc1 Rde8 26. Nxe6 Rxe6 27. Qxh6
Qxc3 28. Qg5 Qe5 29. Rf5 Qxe4 30. Rxb5 a4 31. Kh2 a3 32. Rf4 Qc6 33. Ra5 Re1
34. Rf6 Qe4 35. Raf5 Qd4 36. Rf3 Qa1 37. Kg3 Re2 38. Qd5 Qe1+ 39. Kh2 Re6 40.
Rxe6 fxe6 41. Rxf8+ Kxf8 42. Qd8+ Kf7 43. Qxc7+ Kf6 44. Qf4+ Kg7 45. Qc7+
1/2-1/2

[Event "Copenhagen Chess Challenge 2007"]
[Site "Ballerup"]
[Date "2007.??.??"]
[Round "5"]
[White "Nicolajsen, Esben"]
[Black "Haubro, Sigfred"]
[Result "0-1"]
[WhiteElo "1887"]
[BlackElo "2185"]
[PlyCount "116"]
[EventDate "2007.??.??"]
[EventType "swiss"]
[EventRounds "9"]
[EventCountry "DEN"]

1. d4 d5 2. c4 e6 3. Nc3 f5 4. Bf4 c6 5. cxd5 exd5 6. e3 Nf6 7. Bd3 Be7 8. Qc2
Ne4 9. f3 Nxc3 10. bxc3 O-O 11. Ne2 Be6 12. Rb1 Qc8 13. Ng3 c5 14. Qb2 b6 15.
O-O Nc6 16. Rbc1 c4 17. Bc2 g5 18. Be5 Nxe5 19. dxe5 Bc5 20. Rce1 f4 21. Nh5
fxe3 22. Qb1 Bf5 23. Nf6+ Rxf6 24. exf6 Bxc2 25. Qxc2 Qe6 26. Kh1 Qxf6 27. f4
Rf8 28. Qd1 Qe6 29. Qh5 Qg6 30. Qd1 Qe4 31. Qh5 gxf4 32. Qg4+ Kh8 33. h4 d4 34.
cxd4 Bxd4 35. Kh2 Rg8 36. Qf3 Qxf3 37. gxf3 Bf6 38. Rg1 Bxh4 39. Rxg8+ Kxg8 40.
Re2 Bf6 41. Rc2 b5 42. Kg2 Kf7 43. Kf1 h5 44. Ke2 Ke6 45. Rc1 Kd5 46. Rd1+ Bd4
47. Kf1 a5 48. Ke2 b4 49. Rh1 a4 50. Rxh5+ Be5 51. Rh1 a3 52. Kd1 b3 53. Rh2
Bb2 54. axb3 cxb3 55. Rh5+ Be5 56. Kc1 a2 57. Rxe5+ Kxe5 58. Kb2 e2 0-1

[Event "Copenhagen Chess Challenge 2007"]
[Site "Ballerup"]
[Date "2007.??.??"]
[Round "5"]
[White "Nilsson, Sebastian"]
[Black "Gajic, Mladen"]
[Result "1/2-1/2"]
[WhiteElo "2278"]
[BlackElo "2094"]
[PlyCount "78"]
[EventDate "2007.??.??"]
[EventType "swiss"]
[EventRounds "9"]
[EventCountry "DEN"]

1. e4 Nf6 2. e5 Nd5 3. d4 d6 4. c4 Nb6 5. exd6 exd6 6. Nc3 Be7 7. Qf3 O-O 8.
Be3 Nc6 9. O-O-O Be6 10. c5 Nd7 11. cxd6 cxd6 12. d5 Nce5 13. Qe4 f5 14. Qc2
Bf7 15. f4 Ng4 16. Bd4 Bf6 17. Qd2 Rc8 18. h3 Bxd4 19. Qxd4 Ngf6 20. Kb1 Rc5
21. b4 Rc8 22. Nf3 Qc7 23. Nb5 Qc2+ 24. Ka1 Bxd5 25. Qd2 Qa4 26. Bd3 Ne4 27.
Bxe4 Bxe4 28. Nfd4 Qa6 29. Rc1 d5 30. Rxc8 Rxc8 31. Rc1 Rxc1+ 32. Qxc1 Qf6 33.
Qc3 a6 34. Nc7 Nb6 35. Ne8 Qe7 36. Ne6 Kf7 37. N6c7 Kg8 38. Ne6 Kf7 39. N6c7
Kg8 1/2-1/2

[Event "Copenhagen Chess Challenge 2007"]
[Site "Ballerup"]
[Date "2007.??.??"]
[Round "5"]
[White "Brondt, Nicolai Kvist"]
[Black "Peschardt, Soren"]
[Result "1/2-1/2"]
[WhiteElo "1637"]
[BlackElo "2152"]
[PlyCount "45"]
[EventDate "2007.??.??"]
[EventType "swiss"]
[EventRounds "9"]
[EventCountry "DEN"]

1. d4 f5 2. Bg5 g6 3. e3 Bg7 4. Bc4 d5 5. Bb3 Nf6 6. c4 Be6 7. Bxf6 Bxf6 8. c5
O-O 9. Ba4 c6 10. Nd2 Bf7 11. f4 b6 12. b4 a5 13. a3 axb4 14. axb4 b5 15. Bc2
Na6 16. Rb1 Qd7 17. Ngf3 Nc7 18. Nb3 Ra3 19. Qe2 Qe6 20. Kf2 Na6 21. Qd2 Ra8
22. Ra1 Nc7 23. Na5 1/2-1/2

[Event "Copenhagen Chess Challenge 2007"]
[Site "Ballerup"]
[Date "2007.??.??"]
[Round "5"]
[White "Semcesen, Daniel"]
[Black "Christensen, Bo Garner"]
[Result "1-0"]
[WhiteElo "2306"]
[BlackElo "2242"]
[PlyCount "81"]
[EventDate "2007.??.??"]
[EventType "swiss"]
[EventRounds "9"]
[EventCountry "DEN"]

1. d4 Nf6 2. c4 g6 3. Nf3 Bg7 4. g3 O-O 5. Bg2 d6 6. O-O Nbd7 7. Nc3 e5 8. e4
c6 9. h3 Qb6 10. c5 dxc5 11. dxe5 Ne8 12. e6 fxe6 13. Ng5 Ne5 14. f4 c4+ 15.
Kh2 Nd3 16. e5 Nc7 17. Qe2 Nd5 18. Nce4 Bd7 19. Nd6 Qa6 20. Bf3 c3 21. Nge4 c2
22. Qxc2 c5 23. Bd2 b6 24. a3 c4 25. Nxc4 Nc5 26. Ncd6 Rac8 27. Nxc5 Rxc5 28.
Qe4 Bb5 29. Rfc1 g5 30. Bg4 Bd7 31. Be2 Qa4 32. b4 gxf4 33. bxc5 fxg3+ 34. Kg1
Rf2 35. Rc4 Qb3 36. c6 Bc8 37. Nxc8 Qb2 38. Rf1 Nf4 39. Rxf2 Nxh3+ 40. Kg2 Nxf2
41. Qd4 1-0

[Event "Copenhagen Chess Challenge 2007"]
[Site "Ballerup"]
[Date "2007.??.??"]
[Round "5"]
[White "Skovgaard, Peter Nicolai"]
[Black "Nielsen, Jan Mose"]
[Result "1/2-1/2"]
[WhiteElo "2243"]
[BlackElo "2131"]
[PlyCount "96"]
[EventDate "2007.??.??"]
[EventType "swiss"]
[EventRounds "9"]
[EventCountry "DEN"]

1. e4 c5 2. Nf3 d6 3. d4 cxd4 4. Nxd4 Nf6 5. Nc3 a6 6. g3 g6 7. Bg2 Bg7 8. O-O
O-O 9. h3 Bd7 10. Be3 Nc6 11. Nd5 Nxd5 12. exd5 Nxd4 13. Bxd4 Bxd4 14. Qxd4 Qc8
15. h4 Qxc2 16. Rac1 Qf5 17. Rfe1 Rfc8 18. Rxc8+ Rxc8 19. Rxe7 Rc1+ 20. Kh2 Rc2
21. Qb6 Kg7 22. Qd4+ Kg8 23. g4 Qxg4 24. Qxg4 Bxg4 25. Rxb7 Rxf2 26. Kg3 Rd2
27. Rb6 a5 28. a3 h5 29. b4 Rd3+ 30. Kf4 Rxa3 31. bxa5 Rxa5 32. Rxd6 Ra4+ 33.
Kg3 Rd4 34. Rb6 Kg7 35. Kf2 Bf5 36. Ke3 Rxh4 37. d6 Kf6 38. Rb7 Ra4 39. Bc6
Ra3+ 40. Ke2 Rd3 41. d7 Rd6 42. Bb5 Be6 43. Rb6 Rd5 44. Bc6 Rd4 45. Ke3 Rd6 46.
Ba4 Rd5 47. Bc6 Rd1 48. Ba4 Rd5 1/2-1/2

[Event "Copenhagen Chess Challenge 2007"]
[Site "Ballerup"]
[Date "2007.??.??"]
[Round "5"]
[White "Tikkanen, Hans"]
[Black "Glud, Jakob Vang"]
[Result "1/2-1/2"]
[WhiteElo "2335"]
[BlackElo "2425"]
[PlyCount "110"]
[EventDate "2007.??.??"]
[EventType "swiss"]
[EventRounds "9"]
[EventCountry "DEN"]

1. d4 d5 2. c4 c6 3. Nf3 Nf6 4. Nc3 a6 5. a4 Bf5 6. Qb3 Ra7 7. a5 e6 8. cxd5
exd5 9. Bf4 Nbd7 10. e3 Be7 11. h3 O-O 12. Be2 Re8 13. O-O Ne4 14. Nxe4 Bxe4
15. Ne5 Nxe5 16. Bxe5 Bd6 17. Qb6 Bxe5 18. Qxa7 Qg5 19. Bg4 h5 20. f4 Qh4 21.
Bf3 Bf6 22. Qxb7 Bd3 23. Rfd1 Rxe3 24. Qc8+ Bd8 25. Ra3 Rxf3 26. Kh1 Qxf4 27.
Qxd8+ Kh7 28. Qd7 Rf1+ 29. Rxf1 Qxf1+ 30. Kh2 Qf4+ 31. Kg1 Qxd4+ 32. Kh1 Qxb2
33. Qd6 c5 34. Qxc5 Be4 35. Rg3 Qa1+ 36. Qg1 Qxa5 37. Qd4 Qe1+ 38. Kh2 f6 39.
Qa7 Bg6 40. Re3 Qf2 41. Re7 Qxa7 42. Rxa7 Bd3 43. Kg3 Bb5 44. h4 d4 45. Kf4 d3
46. Ke3 Kh6 47. Rf7 Bc4 48. Rc7 Bb5 49. Rf7 Kg6 50. Ra7 f5 51. g3 Kf6 52. Rb7
Kg6 53. Rb6+ Kh7 54. Kf4 Bc4 55. Ke3 Bb5 1/2-1/2

[Event "Copenhagen Chess Challenge 2007"]
[Site "Ballerup"]
[Date "2007.??.??"]
[Round "6"]
[White "Akdag, Dara Sevkan"]
[Black "Haubro, Sigfred"]
[Result "1-0"]
[WhiteElo "2018"]
[BlackElo "2185"]
[PlyCount "133"]
[EventDate "2007.??.??"]
[EventType "swiss"]
[EventRounds "9"]
[EventCountry "DEN"]

1. d4 d5 2. c4 e6 3. Nc3 Nf6 4. Bg5 Be7 5. cxd5 exd5 6. Qc2 O-O 7. e3 b6 8. Bd3
h6 9. Bf4 c5 10. dxc5 bxc5 11. Nf3 Nc6 12. Be2 Qa5 13. O-O Be6 14. Rfd1 Rac8
15. Qa4 c4 16. Qxa5 Nxa5 17. Nd4 Bb4 18. Bf3 Rfd8 19. Be5 Nd7 20. Bg3 Nc5 21.
Rab1 Nd3 22. Nce2 Bd6 23. Bxd6 Rxd6 24. Nc1 Ne5 25. b4 Nxf3+ 26. gxf3 Bh3 27.
Nce2 Nc6 28. Nf4 Nxd4 29. Rxd4 Be6 30. Rbd1 Ra6 31. Nxd5 Bxd5 32. Rxd5 Rxa2 33.
Rc1 Rb2 34. Rc5 Rb8 35. R1xc4 R2xb4 36. Rxb4 Rxb4 37. Rc8+ Kh7 38. Rc7 a5 39.
Rxf7 a4 40. Ra7 Kg6 41. Kg2 Kf6 42. Kg3 Rc4 43. e4 Rb4 44. Kf4 Rb2 45. Rxa4
Rxf2 46. Ra6+ Kf7 47. h4 Rh2 48. Kg3 Rh1 49. Ra2 Re1 50. h5 Rb1 51. Ra5 Rb6 52.
Kf4 g6 53. Ra7+ Kf8 54. hxg6 Rxg6 55. Kf5 Rb6 56. f4 Kg8 57. e5 h5 58. Kg5 Rb4
59. f5 h4 60. Ra3 Kf7 61. Rh3 Re4 62. e6+ Ke7 63. Rxh4 Re1 64. Rh7+ Ke8 65. Kf6
Rg1 66. Rh8+ Rg8 67. Rxg8# 1-0

[Event "Copenhagen Chess Challenge 2007"]
[Site "Ballerup"]
[Date "2007.??.??"]
[Round "6"]
[White "Christensen, Bo Garner"]
[Black "Hansen, Lars Henrik Bech"]
[Result "1-0"]
[WhiteElo "2242"]
[BlackElo "2100"]
[PlyCount "31"]
[EventDate "2007.??.??"]
[EventType "swiss"]
[EventRounds "9"]
[EventCountry "DEN"]

1. e4 d6 2. d4 Nf6 3. Nc3 g6 4. Nf3 Bg7 5. h3 c5 6. d5 O-O 7. a4 e5 8. Bg5 Qb6
9. Ra3 Nh5 10. Nd2 f6 11. Be3 Bd7 12. g3 Na6 13. Nc4 Qc7 14. Be2 Nb4 15. Nb5
Qb8 16. c3 1-0

[Event "Copenhagen Chess Challenge 2007"]
[Site "Ballerup"]
[Date "2007.??.??"]
[Round "6"]
[White "Gajic, Mladen"]
[Black "Brondt, Nicolai Kvist"]
[Result "1-0"]
[WhiteElo "2094"]
[BlackElo "1637"]
[PlyCount "65"]
[EventDate "2007.??.??"]
[EventType "swiss"]
[EventRounds "9"]
[EventCountry "DEN"]

1. e4 c6 2. Nf3 d5 3. exd5 cxd5 4. Ne5 Nc6 5. d4 Nf6 6. c3 e6 7. Bd3 Be7 8. O-O
O-O 9. f4 Ne4 10. Rf3 f6 11. Nxc6 bxc6 12. Nd2 f5 13. Rh3 g6 14. Nf3 c5 15. Be3
Qb6 16. Ne5 Qxb2 17. Bxe4 dxe4 18. dxc5 Rd8 19. Qe1 Bf6 20. Rb1 Qxa2 21. Bd4
Bxe5 22. Bxe5 Rd2 23. Ra1 Rxg2+ 24. Kh1 Re2 25. Qf1 Rf2 26. Rxa2 Rxf1+ 27. Kg2
Rd1 28. c6 a5 29. c4 Ra6 30. c7 e3 31. Rxe3 Bb7+ 32. Kf2 Rc1 33. Rb3 1-0

[Event "Copenhagen Chess Challenge 2007"]
[Site "Ballerup"]
[Date "2007.??.??"]
[Round "6"]
[White "Grandelius, Nils"]
[Black "Bekker Jensen, Simon"]
[Result "0-1"]
[WhiteElo "2192"]
[BlackElo "2371"]
[PlyCount "82"]
[EventDate "2007.??.??"]
[EventType "swiss"]
[EventRounds "9"]
[EventCountry "DEN"]

1. e4 c5 2. Nf3 d6 3. d4 cxd4 4. Nxd4 Nf6 5. Nc3 a6 6. f3 e5 7. Nb3 Be6 8. Be3
Be7 9. Qd2 O-O 10. O-O-O b5 11. g4 b4 12. Nd5 Bxd5 13. exd5 a5 14. Kb1 Qc7 15.
g5 Nfd7 16. h4 Nb6 17. Qf2 N8d7 18. Bb5 a4 19. Nc1 Nc4 20. Bxc4 Qxc4 21. Rhg1
f5 22. gxf6 Nxf6 23. Qg2 Rf7 24. Bg5 a3 25. b3 Qc3 26. Nd3 Nxd5 27. Bd2 Qd4 28.
Rde1 Nc3+ 29. Bxc3 Qxc3 30. f4 Rc8 31. fxe5 dxe5 32. Re4 Bf6 33. Rf1 Rd7 34.
Qe2 Rd4 35. Rxd4 Qxd4 36. Rf4 exf4 37. Qe6+ Kf8 38. Qxc8+ Kf7 39. Qc7+ Kg6 40.
Nxf4+ Kf5 41. c3 Qd1# 0-1

[Event "Copenhagen Chess Challenge 2007"]
[Site "Ballerup"]
[Date "2007.??.??"]
[Round "6"]
[White "Hartsteen, Mark"]
[Black "Pallesen, Jacob"]
[Result "1/2-1/2"]
[WhiteElo "1973"]
[BlackElo "2001"]
[PlyCount "59"]
[EventDate "2007.??.??"]
[EventType "swiss"]
[EventRounds "9"]
[EventCountry "DEN"]

1. c4 Nf6 2. Nf3 e6 3. g3 b6 4. Bg2 Bb7 5. O-O c5 6. d3 d6 7. Nc3 Be7 8. Bf4
O-O 9. Rb1 Nc6 10. a3 Nh5 11. Bd2 f5 12. b4 Qd7 13. Qa4 h6 14. bxc5 dxc5 15.
Ne5 Nxe5 16. Qxd7 Nxd7 17. Bxb7 Rab8 18. Bf3 Nhf6 19. Rfe1 Kf7 20. Nb5 a5 21.
Nc3 g5 22. Rb2 Bd8 23. Nb5 Be7 24. Bg2 Rbd8 25. Reb1 Rb8 26. f4 g4 27. Na7 Bd6
28. Bc3 Bc7 29. Nb5 Bd8 30. Na7 1/2-1/2

[Event "Copenhagen Chess Challenge 2007"]
[Site "Ballerup"]
[Date "2007.??.??"]
[Round "6"]
[White "Lund, Silas"]
[Black "Semcesen, Daniel"]
[Result "1/2-1/2"]
[WhiteElo "2309"]
[BlackElo "2306"]
[PlyCount "21"]
[EventDate "2007.??.??"]
[EventType "swiss"]
[EventRounds "9"]
[EventCountry "DEN"]

1. d4 d5 2. c4 dxc4 3. Nf3 Nf6 4. e3 e6 5. Bxc4 c5 6. O-O a6 7. a4 Nc6 8. Qe2
cxd4 9. Rd1 Be7 10. exd4 O-O 11. Nc3 1/2-1/2

[Event "Copenhagen Chess Challenge 2007"]
[Site "Ballerup"]
[Date "2007.??.??"]
[Round "6"]
[White "Nielsen, Jan Mose"]
[Black "Hansen, Martin"]
[Result "1/2-1/2"]
[WhiteElo "2131"]
[BlackElo "2050"]
[PlyCount "39"]
[EventDate "2007.??.??"]
[EventType "swiss"]
[EventRounds "9"]
[EventCountry "DEN"]

1. e4 e6 2. d4 d5 3. Nd2 c5 4. Ngf3 Nc6 5. exd5 exd5 6. dxc5 Bxc5 7. Nb3 Bd6 8.
c3 Nge7 9. Bd3 Bg4 10. h3 Bh5 11. Be3 Qc7 12. Nbd4 a6 13. Qa4 Rd8 14. Ng5 Bg6
15. Bxg6 Nxg6 16. Nf5 O-O 17. Nxd6 Qxd6 18. O-O Nce5 19. Rad1 Qc6 20. Qxc6
1/2-1/2

[Event "Copenhagen Chess Challenge 2007"]
[Site "Ballerup"]
[Date "2007.??.??"]
[Round "6"]
[White "Peschardt, Soren"]
[Black "Mejvik, Jacob"]
[Result "0-1"]
[WhiteElo "2152"]
[BlackElo "2003"]
[PlyCount "78"]
[EventDate "2007.??.??"]
[EventType "swiss"]
[EventRounds "9"]
[EventCountry "DEN"]

1. d4 Nf6 2. g3 c5 3. d5 e6 4. Nc3 d6 5. Bg2 Be7 6. e4 exd5 7. Nxd5 Nxd5 8.
exd5 O-O 9. Be3 Bf6 10. c3 b5 11. Ne2 Nd7 12. O-O Ne5 13. Nf4 Bg4 14. f3 Nc4
15. Bc1 Bf5 16. Nh5 Re8 17. Re1 Rxe1+ 18. Qxe1 Be7 19. a4 g6 20. Nf4 bxa4 21.
Rxa4 Nb6 22. Ra1 Bf6 23. g4 Bc2 24. Bf1 a5 25. Qf2 Bb3 26. Bb5 Nxd5 27. Nxd5
Bxd5 28. Be3 Bb3 29. Qd2 Qc7 30. c4 a4 31. f4 Rd8 32. g5 Bg7 33. f5 gxf5 34.
Bf4 Bd4+ 35. Kg2 Qb7+ 36. Kg3 d5 37. Qe2 dxc4 38. Bxa4 Bxa4 39. Rxa4 Qb3+ 0-1

[Event "Copenhagen Chess Challenge 2007"]
[Site "Ballerup"]
[Date "2007.??.??"]
[Round "6"]
[White "Rasmussen, Allan Stig"]
[Black "Tikkanen, Hans"]
[Result "1-0"]
[WhiteElo "2418"]
[BlackElo "2335"]
[PlyCount "61"]
[EventDate "2007.??.??"]
[EventType "swiss"]
[EventRounds "9"]
[EventCountry "DEN"]

1. e4 e5 2. Nf3 Nc6 3. Bb5 a6 4. Ba4 Nf6 5. O-O Nxe4 6. d4 b5 7. Bb3 d5 8. dxe5
Be6 9. Nbd2 Be7 10. c3 O-O 11. Bc2 f5 12. exf6 Nxf6 13. Nd4 Nxd4 14. cxd4 Bg4
15. f3 Bh5 16. g4 Bf7 17. Nb3 Nd7 18. Na5 Qc8 19. Nc6 Bh4 20. Bf5 Qe8 21. Qc2
g6 22. Bd3 Qe6 23. b3 Be8 24. Bd2 Rxf3 25. Rxf3 Qxg4+ 26. Rg3 Bxg3 27. hxg3 Nb8
28. Ne7+ Kf8 29. Rf1+ Bf7 30. Qxc7 Nd7 31. Nc6 1-0

[Event "Copenhagen Chess Challenge 2007"]
[Site "Ballerup"]
[Date "2007.??.??"]
[Round "6"]
[White "Skovgaard, Peter Nicolai"]
[Black "Nilsson, Sebastian"]
[Result "1-0"]
[WhiteElo "2243"]
[BlackElo "2278"]
[PlyCount "67"]
[EventDate "2007.??.??"]
[EventType "swiss"]
[EventRounds "9"]
[EventCountry "DEN"]

1. e4 e6 2. d4 d5 3. Nc3 Bb4 4. Nge2 dxe4 5. a3 Be7 6. Nxe4 Nf6 7. N2g3 O-O 8.
c3 Nbd7 9. Bd3 c5 10. Nxf6+ Nxf6 11. dxc5 Bxc5 12. O-O b6 13. Qf3 Rb8 14. Bg5
Qd5 15. Qxd5 Nxd5 16. c4 Be7 17. Bxe7 Nxe7 18. b4 e5 19. Rae1 f6 20. f4 exf4
21. Rxf4 Ng6 22. Bxg6 hxg6 23. Rd4 Rb7 24. Ne4 Rd7 25. Rxd7 Bxd7 26. Nd6 Rd8
27. Re7 Bc6 28. c5 bxc5 29. bxc5 Rd7 30. Re8+ Kh7 31. Rc8 Bb7 32. Rb8 Bc6 33.
h4 Rc7 34. Rc8 1-0

[Event "Copenhagen Chess Challenge 2007"]
[Site "Ballerup"]
[Date "2007.??.??"]
[Round "6"]
[White "Smith, Axel"]
[Black "Ivanov, Mikhail"]
[Result "0-1"]
[WhiteElo "2251"]
[BlackElo "2450"]
[PlyCount "102"]
[EventDate "2007.??.??"]
[EventType "swiss"]
[EventRounds "9"]
[EventCountry "DEN"]

1. e4 g6 2. d4 Bg7 3. Nc3 d6 4. f4 Nf6 5. Nf3 O-O 6. Bd3 Na6 7. O-O c5 8. d5
Nc7 9. Qe1 b5 10. Bxb5 Nxb5 11. Nxb5 Ba6 12. a4 Qb6 13. c4 Bxb5 14. axb5 a6 15.
e5 Ng4 16. Qh4 Nh6 17. Qxe7 axb5 18. Rxa8 Rxa8 19. Qxd6 Qxd6 20. exd6 Nf5 21.
cxb5 Nxd6 22. Be3 c4 23. Bd4 Ra2 24. Be5 Nxb5 25. d6 f6 26. d7 Ra8 27. Rd1 Rd8
28. Bc3 Nxc3 29. bxc3 Kf7 30. f5 Bf8 31. Kf1 gxf5 32. Rd4 Ke6 33. Nd2 Bd6 34.
Nf3 Rxd7 35. Rxc4 Ra7 36. Rd4 Be5 37. Rd3 f4 38. Nd4+ Kf7 39. Kf2 Ra1 40. Ne2
Kg6 41. h3 h5 42. Rd2 Kf5 43. Rc2 Ke4 44. Nc1 Ra3 45. Re2+ Kd5 46. Na2 Kc4 47.
Kf3 Kb3 48. Ke4 Rxa2 49. Rxa2 Kxa2 50. c4 Kb3 51. Kd5 Kc3 0-1

[Event "Copenhagen Chess Challenge 2007"]
[Site "Ballerup"]
[Date "2007.??.??"]
[Round "7"]
[White "Hansen, Martin"]
[Black "Akdag, Dara Sevkan"]
[Result "1/2-1/2"]
[WhiteElo "2050"]
[BlackElo "2018"]
[PlyCount "55"]
[EventDate "2007.??.??"]
[EventType "swiss"]
[EventRounds "9"]
[EventCountry "DEN"]

1. e4 c5 2. c3 Nf6 3. e5 Nd5 4. Nf3 e6 5. Bc4 Nb6 6. Bb3 c4 7. Bc2 d6 8. exd6
Bxd6 9. O-O Nc6 10. Re1 Qc7 11. d4 cxd3 12. Bxd3 Bd7 13. Nbd2 O-O-O 14. Ne4 f6
15. Nxd6+ Qxd6 16. Bb5 Qxd1 17. Rxd1 e5 18. Be3 Kc7 19. Nd2 a6 20. Bc4 Bf5 21.
b4 Rd7 22. Bb3 Rhd8 23. Nf1 Rxd1 24. Rxd1 Rxd1 25. Bxd1 Nc4 26. Bc1 Bd3 27. Ne3
Ne7 28. Bb3 1/2-1/2